Belgium Provinces 1# The Names - Statistics

General Stats
  • This quiz has been taken 7 times
  • The average score is 7 of 11
Answer Stats
Number Answer % Correct
1 Antwerp
100%
3 Flemish Brabant
100%
2 East Flanders
80%
7 Liège
80%
4 Limburg
80%
8 Luxembourg
60%
9 Namur
60%
10 Walloon brabant
60%
5 West flanders
60%
6 Hainaut
40%
11 Brussels capital region
20%
No matching quizzes found
Score Distribution
Percent of People with Each Score
Percentile by Number Answered
Your Score History
You have not taken this quiz